[Event "Tournoi Skype 010"]
[Site "Skype"]
[Date "????.??.??"]
[Round "1.1"]
[White "De, Yudhajeet"]
[Black "Ayotte, Jocelyn"]
[Result "0-1"]
[WhiteElo "1591"]
[BlackElo "2067"]
[PlyCount "132"]

1. d4 d5 2. Bf4 Nf6 3. Nf3 e6 4. e3 Be7 5. h3 O-O 6. Bd3 c5 7. c3 Ne4 8. Nbd2
Nxd2 9. Qxd2 Nc6 10. O-O Bd6 11. Bxd6 Qxd6 12. Rac1 e5 13. dxe5 Nxe5 14. Nxe5
Qxe5 15. Rfd1 Be6 16. Be2 Rad8 17. a3 Rd7 18. Qc2 f5 19. Bf3 f4 20. exf4 Rxf4
21. Qe2 Qf6 22. Bg4 Bxg4 23. hxg4 Re7 24. Qd2 Re5 25. f3 h5 26. Re1 hxg4 27.
Rxe5 Qxe5 28. Re1 Qd6 29. fxg4 Rxg4 30. Rd1 d4 31. Qe2 Rh4 32. cxd4 Qh2+ 33.
Kf1 Rf4+ 34. Ke1 Qg3+ 35. Kd2 Rf2 36. Re1 Qxg2 37. Kd1 Rxe2 38. Rxe2 Qf1+ 39.
Re1 Qxe1+ 40. Kxe1 cxd4 41. Kd2 Kf7 42. Kd3 Ke6 43. Kxd4 Kf5 44. Ke3 Ke5 45. b3
g5 46. b4 b5 47. Kf3 Kd4 48. Kg4 Kc3 49. Kxg5 Kb3 50. Kf5 Kxa3 51. Ke5 Kxb4 52.
Kd4 a5 53. Kd3 Kb3 54. Kd4 a4 55. Kc5 b4 56. Kb5 a3 57. Kc5 a2 58. Kd4 a1=Q+
59. Kd5 Qc3 60. Ke4 Kc4 61. Kf4 b3 62. Ke4 b2 63. Kf4 b1=Q 64. Kg4 Qf6 65. Kg3
Qg1+ 66. Kh3 Qh8# 0-1

[Event "Tournoi Skype 010"]
[Site "Skype"]
[Date "????.??.??"]
[Round "1.2"]
[White "Hervais, Adrien"]
[Black "Engstrom, Olle"]
[Result "1-0"]
[WhiteElo "2038"]
[BlackElo "1590"]
[PlyCount "61"]

1. e4 e5 2. Nc3 Nf6 3. f4 d5 4. fxe5 Nxe4 5. d3 Qh4+ 6. g3 Nxg3 7. Nf3 Qh5 8.
Nxd5 Na6 9. Nf4 Qh6 10. Ne2 Qxc1 11. Rxc1 Nxh1 12. Bg2 Be6 13. Bxh1 Be7 14. Nf4
Bg4 15. h3 Bh4+ 16. Kf1 Bxf3 17. Qxf3 c6 18. Nh5 O-O 19. Qg4 g5 20. Qf5 f6 21.
Nxf6+ Rxf6 22. exf6 Rf8 23. Be4 Rf7 24. Qc8+ Rf8 25. Bxh7+ Kf7 26. Bg6+ Kg8 27.
Qe6+ Kh8 28. Qe7 Rxf6+ 29. Qxf6+ Kg8 30. Qf7+ Kh8 31. Qf8# 1-0

[Event "Tournoi Skype 010"]
[Site "Skype"]
[Date "????.??.??"]
[Round "1.3"]
[White "Fouquereau, Andre"]
[Black "Auger, Bertrand"]
[Result "0-1"]
[WhiteElo "1587"]
[BlackElo "1991"]
[PlyCount "68"]

1. e4 e6 2. Nf3 d5 3. exd5 exd5 4. d4 Be7 5. Bd3 Nf6 6. O-O O-O 7. Bf4 Bg4 8.
Nbd2 Nc6 9. c3 h6 10. Qc2 Nh5 11. Be3 Bd6 12. c4 Nb4 13. Qb3 Nxd3 14. Qxd3 dxc4
15. Qxc4 Be6 16. Qb5 Bd5 17. Ne4 c6 18. Qd3 Nf4 19. Bxf4 Bxf4 20. Nc3 Re8 21.
Rfe1 Qd7 22. Rad1 Bc7 23. Nxd5 Qxd5 24. b3 Ba5 25. Re5 Rxe5 26. dxe5 Qe6 27.
Qd6 Rd8 28. Qxd8+ Bxd8 29. Rxd8+ Kh7 30. Rd2 a5 31. Re2 a4 32. bxa4 Qc4 33. a5
Qb5 34. Rd2 Qb1+ 0-1

[Event "Tournoi Skype 010"]
[Site "Skype"]
[Date "????.??.??"]
[Round "1.4"]
[White "Deville, Olivier"]
[Black "Trivedi, Viral"]
[Result "1-0"]
[WhiteElo "1951"]
[BlackElo "1581"]
[PlyCount "55"]

1. Nf3 Nf6 2. c4 c5 3. Nc3 Nc6 4. g3 g6 5. Bg2 Bg7 6. O-O O-O 7. d4 cxd4 8.
Nxd4 Nxd4 9. Qxd4 d6 10. Qd3 Qb6 11. b3 Bd7 12. Be3 Qc7 13. Rac1 Bf5 14. Qd2
Ng4 15. Bd4 e5 16. Nb5 Qe7 17. Bxa7 Bh6 18. e3 Bd7 19. Bb6 Bxb5 20. cxb5 Rfc8
21. a4 e4 22. Bh3 f5 23. Bxg4 fxg4 24. Qd5+ Kf8 25. Rfd1 Rxc1 26. Rxc1 Bg7 27.
Rc7 Qe5 28. Qf7# 1-0

[Event "Tournoi Skype 010"]
[Site "Skype"]
[Date "????.??.??"]
[Round "1.5"]
[White "Puliyempetta, Balaraman"]
[Black "Hilton, Stephen"]
[Result "0-1"]
[WhiteElo "1572"]
[BlackElo "1937"]
[PlyCount "150"]

1. d4 Nf6 2. c4 g6 3. Nc3 d5 4. e3 Bg7 5. Nf3 O-O 6. Bd3 c5 7. O-O cxd4 8. Nxd4
e5 9. Nde2 Nc6 10. cxd5 Nxd5 11. Nxd5 Qxd5 12. Nc3 Qd8 13. a3 Be6 14. Bc2 Qe7
15. Qe2 Rfd8 16. Bd2 Rac8 17. Rac1 Na5 18. Rfd1 Bc4 19. Qg4 Nb3 20. Bxb3 Bxb3
21. Qe2 Bxd1 22. Rxd1 a6 23. e4 Qe6 24. Nd5 Rxd5 25. exd5 Qxd5 26. Bc3 Qe6 27.
h3 f5 28. Qd2 Re8 29. Qd7 Qf7 30. Qa4 Bf6 31. Rd7 Re7 32. Rd8+ Kg7 33. Bb4 b5
34. Qd1 Re8 35. Rd7 Be7 36. Qc2 Qe6 37. Qc7 Kf6 38. g3 Bxb4 39. axb4 Re7 40.
Rxe7 Qxe7 41. Qb6+ Kf7 42. Qxa6 Qxb4 43. Qb7+ Kf6 44. Qc6+ Kg5 45. Qc1+ f4 46.
h4+ Kg4 47. Qd1+ Kf5 48. Qd3+ Ke6 49. Qe2 fxg3 50. fxg3 Qc4 51. Qg2 Qd4+ 52.
Kh2 Qd5 53. Qc2 e4 54. Qc8+ Ke5 55. Qh8+ Kd6 56. Qxh7 Qf5 57. Qg7 Qf2+ 58. Kh3
Qf5+ 59. Kh2 Kd5 60. Qb7+ Kd4 61. Qg7+ Kd5 62. Qb7+ Kc5 63. Qc7+ Kd4 64. Qg7+
Qe5 65. Qxg6 e3 66. Qg4+ Qe4 67. Qd7+ Kc4 68. Qc7+ Kd3 69. Qc3+ Ke2 70. h5 Qf5
71. Kg2 Qf3+ 72. Kh2 Qxh5+ 73. Kg2 Qf3+ 74. Kh2 Kf2 75. Kh3 Qh5# 0-1

[Event "Tournoi Skype 010"]
[Site "Skype"]
[Date "????.??.??"]
[Round "1.6"]
[White "Lambert, Pierre"]
[Black "Kumar Pradhan, Soundarya"]
[Result "1-0"]
[WhiteElo "1913"]
[BlackElo "1570"]
[PlyCount "75"]

1. e4 e6 2. d4 d5 3. e5 c5 4. c3 Nc6 5. Nf3 Qb6 6. a3 c4 7. Be2 a5 8. O-O a4 9.
Qc2 Nge7 10. Re1 Ng6 11. Nbd2 Bd7 12. Nf1 Be7 13. Ng3 Na5 14. Be3 Nb3 15. Rad1
O-O 16. Ng5 Qd8 17. f4 h6 18. Nxf7 Rxf7 19. Qxg6 Bh4 20. Bh5 Re7 21. Rf1 Be8
22. Qg4 Bxg3 23. hxg3 Bxh5 24. Qxh5 Rf7 25. Qg6 Qd7 26. g4 Qe7 27. g3 Raf8 28.
f5 exf5 29. gxf5 Kh8 30. Rf2 Qe8 31. Rdf1 Qc8 32. g4 Qd8 33. Rh2 Qe7 34. Bg5
Qc7 35. f6 Kg8 36. Rxh6 Rxf6 37. Qh7+ Kf7 38. Rhxf6+ 1-0

[Event "Tournoi Skype 010"]
[Site "Skype"]
[Date "????.??.??"]
[Round "1.7"]
[White "Dubois, Real"]
[Black "Catherine, Bertrand"]
[Result "0-1"]
[WhiteElo "1534"]
[BlackElo "1909"]
[PlyCount "62"]

1. d4 Nf6 2. c3 c5 3. e3 cxd4 4. exd4 d5 5. Bd3 Nc6 6. Qc2 Bg4 7. f3 Bh5 8. Ne2
Bg6 9. Nf4 Bxd3 10. Nxd3 e6 11. Bf4 Bd6 12. Ne5 Qc7 13. Bg3 Nxd4 14. Qa4+ Nc6
15. Nxc6 Bxg3+ 16. hxg3 bxc6 17. Kf2 Qb6+ 18. Qd4 Qxb2+ 19. Nd2 Qb6 20. Qxb6
axb6 21. Rhb1 Nd7 22. Nf1 Ke7 23. Ne3 Ra3 24. Rb3 Rha8 25. Nc2 Rxa2 26. Rc1 b5
27. Kf1 Nc5 28. Rbb1 Nd3 29. Nb4 Nxc1 30. Nxd5+ exd5 31. Rxc1 Rd2 0-1

[Event "Tournoi Skype 010"]
[Site "Skype"]
[Date "????.??.??"]
[Round "1.8"]
[White "Salazar Ticeran, Antonio"]
[Black "Malbec, Robert"]
[Result "1-0"]
[WhiteElo "1842"]
[BlackElo "1530"]
[PlyCount "33"]

1. e4 c6 2. Nf3 d5 3. exd5 cxd5 4. Bb5+ Nc6 5. Ne5 Qd6 6. d4 a6 7. Bxc6+ bxc6
8. O-O Qe6 9. Re1 Qd6 10. Qf3 Nf6 11. Bf4 Qb4 12. Nc3 Qxb2 13. Nxc6 Qxc2 14.
Rac1 Qg6 15. Nxd5 Nxd5 16. Qxd5 Bd7 17. Nxe7 1-0

[Event "Tournoi Skype 010"]
[Site "Skype"]
[Date "????.??.??"]
[Round "1.9"]
[White "Duthoit, Bernard"]
[Black "Plourde, Alain"]
[Result "0-1"]
[WhiteElo "1517"]
[BlackElo "1820"]
[PlyCount "48"]

1. e4 e6 2. d4 d5 3. e5 c5 4. c3 Nc6 5. Nf3 Qb6 6. Be2 cxd4 7. cxd4 Nh6 8. Bxh6
Qxb2 9. Nbd2 gxh6 10. O-O Nxd4 11. Qa4+ Nc6 12. Rfb1 Qa3 13. Qxa3 Bxa3 14. Bb5
Bd7 15. Rb3 Bc5 16. Rc1 b6 17. a4 Nd4 18. Nxd4 Bxd4 19. Nf3 Bc5 20. Ba6 Bxa4
21. Bb5+ Bxb5 22. Rxb5 O-O 23. Nd2 Rfc8 24. Kf1 Bd4 0-1

[Event "Tournoi Skype 010"]
[Site "Skype"]
[Date "????.??.??"]
[Round "1.10"]
[White "Jacquelin, Norbert"]
[Black "De Coninck, Philippe"]
[Result "1-0"]
[WhiteElo "1810"]
[BlackElo "1510"]
[PlyCount "47"]

1. e4 e5 2. f4 d6 3. Nf3 Nc6 4. Bb5 Bd7 5. O-O Nf6 6. d3 a6 7. Bxc6 Bxc6 8. c3
Qd7 9. fxe5 dxe5 10. Nxe5 Qe6 11. Nxc6 Qxc6 12. e5 Nd7 13. d4 O-O-O 14. Rxf7
Nxe5 15. Rf1 Be7 16. Nd2 Rhf8 17. Rxf8 Rxf8 18. dxe5 Qc5+ 19. Kh1 Qxe5 20. Nf3
Qh5 21. Be3 Bd6 22. Bg1 g5 23. Qd5 Qg4 24. Qxg5 1-0

[Event "Tournoi Skype 010"]
[Site "Skype"]
[Date "????.??.??"]
[Round "1.11"]
[White "L'Herbon De Lussats, Jean"]
[Black "Murgia, Stefano"]
[Result "0-1"]
[WhiteElo "1509"]
[BlackElo "1769"]
[PlyCount "58"]

1. e4 d6 2. c4 f5 3. Nc3 Nf6 4. f3 e5 5. d4 exd4 6. Qxd4 Nc6 7. Qd1 g6 8. Nge2
Bg7 9. Be3 O-O 10. Qd2 fxe4 11. fxe4 Ng4 12. O-O-O Nxe3 13. Qxe3 Qf6 14. Ng3
Be6 15. Qd2 Ne5 16. Nd5 Qh4 17. Nxc7 Bh6 18. Nf5 Bxd2+ 19. Rxd2 gxf5 20. Nxe6
Qe1+ 21. Kc2 Qxe4+ 22. Kc3 Rfc8 23. b3 Nc6 24. Ng5 Qe5+ 25. Kc2 Nb4+ 26. Kb1
Qe1+ 27. Kb2 Qxd2+ 28. Ka3 a5 29. Nf3 Qxa2# 0-1

[Event "Tournoi Skype 010"]
[Site "Skype"]
[Date "????.??.??"]
[Round "1.12"]
[White "Legueltel, Daniel"]
[Black "Galani, Mahendra"]
[Result "1-0"]
[WhiteElo "1719"]
[BlackElo "1491"]
[PlyCount "67"]

1. d4 d5 2. c4 Nf6 3. cxd5 Nxd5 4. e4 Nf6 5. Nc3 e6 6. Nf3 Bb4 7. Bd3 h6 8. O-O
Nc6 9. d5 exd5 10. exd5 Nxd5 11. Re1+ Nde7 12. Qc2 Be6 13. Bf4 Qd7 14. Rad1
O-O-O 15. Bc4 Bd6 16. Ne5 Nxe5 17. Bxe5 Rhg8 18. Bb5 Nc6 19. Ne4 Bf5 20. Bxd6
Bxe4 21. Rxe4 cxd6 22. Red4 Qe8 23. h3 d5 24. Qc5 a6 25. Ba4 b5 26. Bb3 Kb8 27.
Qb6+ Kc8 28. Rxd5 g5 29. Rxd8+ Nxd8 30. Qxa6+ Kc7 31. Qa7+ Nb7 32. Rc1+ Kd6 33.
Qxb7 g4 34. Qc7# 1-0

[Event "Tournoi Skype 010"]
[Site "Skype"]
[Date "????.??.??"]
[Round "1.13"]
[White "Belouin, Bruno"]
[Black "Megelas, Florent"]
[Result "0-1"]
[WhiteElo "1490"]
[BlackElo "1711"]
[PlyCount "132"]

1. e4 e5 2. Nf3 Nc6 3. Be2 Nf6 4. d3 Bc5 5. Bd2 d6 6. c4 Ng4 7. O-O O-O 8. a3
Nf6 9. Nc3 Nd4 10. Nxd4 Bxd4 11. Ra2 c6 12. Kh1 d5 13. Bg5 dxc4 14. dxc4 h6 15.
Bh4 Be6 16. a4 a6 17. Qc2 b5 18. b3 bxc4 19. Bxc4 Bxc4 20. bxc4 Qd6 21. Rd1 Qe6
22. Ne2 Ng4 23. Nxd4 exd4 24. Rxd4 Qe5 25. Bg3 Qxd4 26. h3 Ne5 27. c5 Nd7 28.
Bd6 Rfe8 29. f3 Ne5 30. a5 Qc4 31. Qb2 Nd3 32. Qa1 Qc1+ 33. Qxc1 Nxc1 34. Rb2
Nd3 35. Rb6 Ne5 36. f4 Nc4 37. e5 Nxb6 38. cxb6 Rec8 39. b7 g6 40. g4 Rab8 41.
bxc8=Q+ Rxc8 42. f5 gxf5 43. gxf5 c5 44. e6 fxe6 45. fxe6 c4 46. e7 Kf7 47. Ba3
c3 48. h4 c2 49. Bc1 h5 50. Kg2 Kxe7 51. Kf3 Rd8 52. Ke2 Ke6 53. Kf3 Kf5 54.
Kg3 Rd5 55. Kf3 Rxa5 56. Ke3 Rd5 57. Ke2 Kg4 58. Ke1 Kxh4 59. Bd2 a5 60. Ke2 a4
61. Be1+ Kg4 62. Bd2 a3 63. Bc1 a2 64. Bb2 Rd1 65. Ke3 c1=Q+ 66. Bxc1 Rxc1 0-1

[Event "Tournoi Skype 010"]
[Site "Skype"]
[Date "????.??.??"]
[Round "1.14"]
[White "Belazzoug, Farid"]
[Black "Antonic, Nenad"]
[Result "1/2-1/2"]
[WhiteElo "1686"]
[BlackElo "1488"]
[PlyCount "47"]

1. d4 d5 2. Nf3 c6 3. g3 Nd7 4. Bg2 Ngf6 5. O-O g6 6. Bd2 Bg7 7. c3 h5 8. h4
Nf8 9. Bg5 N6h7 10. Nbd2 Nxg5 11. Nxg5 f6 12. Ngf3 Nh7 13. e4 g5 14. exd5 cxd5
15. Qa4+ Bd7 16. Qb3 Bc6 17. Qc2 Kf7 18. Rfe1 Bd7 19. hxg5 fxg5 20. Ne5+ Bxe5
21. Rxe5 e6 22. Nf3 h4 23. Qd2 hxg3 24. fxg3 1/2-1/2

[Event "Tournoi Skype 010"]
[Site "Skype"]
[Date "????.??.??"]
[Round "1.15"]
[White "Parmar, Manoj"]
[Black "Sharma, Mayank"]
[Result "1/2-1/2"]
[WhiteElo "1483"]
[BlackElo "1676"]
[PlyCount "148"]

1. d4 Nf6 2. Nf3 e6 3. Bf4 d5 4. e3 Nbd7 5. h3 a6 6. c4 c5 7. Nc3 Be7 8. cxd5
exd5 9. Be2 b5 10. dxc5 Nxc5 11. O-O O-O 12. b4 Ne6 13. a3 Nxf4 14. exf4 Re8
15. Re1 Bb7 16. Nd4 Bd6 17. g3 Qd7 18. Bf1 Rxe1 19. Qxe1 Re8 20. Qd2 Bc7 21.
Nb3 Bb6 22. Rd1 Qe6 23. Bg2 Ne4 24. Nxe4 dxe4 25. Nc5 Bxc5 26. bxc5 e3 27. Qxe3
Qxe3 28. fxe3 Bxg2 29. Kxg2 f6 30. Kf3 Rc8 31. Rd6 a5 32. Ke4 Rxc5 33. Rd5 Rc3
34. Rxb5 Rxa3 35. Rb2 g6 36. g4 a4 37. Re2 Kf7 38. Kd4 Ra1 39. e4 a3 40. Kc3
Rh1 41. Ra2 Rxh3+ 42. Kb4 Re3 43. Rxa3 Rxe4+ 44. Kc5 Rxf4 45. Rg3 f5 46. gxf5
Rxf5+ 47. Kd4 h5 48. Ke4 Kf6 49. Rh3 Re5+ 50. Kd4 Rg5 51. Rh1 Rg4+ 52. Ke3 Kg5
53. Kf3 h4 54. Rh3 Rf4+ 55. Ke3 Kf5 56. Ke2 g5 57. Ra3 Re4+ 58. Kf2 g4 59. Ra8
Re6 60. Rf8+ Rf6 61. Rh8 Kg5+ 62. Kg2 h3+ 63. Kh2 Rf2+ 64. Kg1 Rd2 65. Rh7 Kf4
66. Ra7 h2+ 67. Kh1 Kg3 68. Ra3+ Kh4 69. Rh3+ Kg5 70. Rxh2 Rxh2+ 71. Kxh2 Kf4
72. Kg2 g3 73. Kg1 Kg4 74. Kg2 Kf4 1/2-1/2

[Event "Tournoi Skype 010"]
[Site "Skype"]
[Date "????.??.??"]
[Round "1.16"]
[White "Meaney, Mike"]
[Black "Loyarte, Frederic"]
[Result "0-1"]
[WhiteElo "1650"]
[BlackElo "1473"]
[PlyCount "76"]

1. Nf3 d5 2. d4 Nf6 3. e3 Nc6 4. c3 Bg4 5. Nbd2 e5 6. dxe5 Nxe5 7. Be2 Nxf3+ 8.
Bxf3 Bxf3 9. Nxf3 c6 10. O-O Bd6 11. Qb3 Qb6 12. Qc2 Ne4 13. Rd1 Qc7 14. Nd2
Bxh2+ 15. Kf1 Nxd2+ 16. Qxd2 O-O-O 17. Qd4 b6 18. Ke2 Be5 19. Qg4+ Qd7 20.
Qxd7+ Rxd7 21. a4 a6 22. Rh1 f5 23. f4 Bf6 24. Kd3 Re8 25. Ra3 g5 26. g3 gxf4
27. gxf4 a5 28. Rh6 Rf8 29. b4 c5 30. bxa5 bxa5 31. Ra2 c4+ 32. Ke2 Bxc3 33.
Rc6+ Kb7 34. Rh6 Rg8 35. Rh2 Re7 36. Ba3 Bb4 37. Bxb4 axb4 38. Rh1 Rg2+ 0-1

[Event "Tournoi Skype 010"]
[Site "Skype"]
[Date "????.??.??"]
[Round "1.17"]
[White "Briere, Jean"]
[Black "Meyer, Eric"]
[Result "0-1"]
[WhiteElo "1465"]
[BlackElo "1646"]
[PlyCount "90"]

1. e4 d6 2. d4 Nf6 3. Bd3 Nbd7 4. Nf3 g6 5. O-O Bg7 6. Nc3 O-O 7. Re1 e5 8.
dxe5 dxe5 9. Be3 Ng4 10. h3 Nxe3 11. Rxe3 Nc5 12. b4 Ne6 13. g3 Nd4 14. Kg2 Be6
15. Nb5 Bxh3+ 16. Kxh3 Qd7+ 17. Kg2 Nxb5 18. Bc4 Nd6 19. Rd3 Qg4 20. Bd5 Nxe4
21. Bxe4 Qxe4 22. Qe1 Qc6 23. Rc3 Qe6 24. Rxc7 e4 25. c3 exf3+ 26. Kxf3 Qd5+
27. Qe4 Qxe4+ 28. Kxe4 Rfe8+ 29. Kd3 b5 30. Rd7 Rad8 31. Rxd8 Rxd8+ 32. Kc2 Rc8
33. Rc1 Rxc3+ 34. Kd2 Rxc1 35. Kxc1 h5 36. Kc2 g5 37. Kd3 h4 38. gxh4 gxh4 39.
Ke2 h3 40. Kf1 Be5 41. Kg1 Kg7 42. Kh1 Kf6 43. Kg1 Ke6 44. a3 Kd5 45. Kh1 Kc4
0-1

[Event "Tournoi Skype 010"]
[Site "Skype"]
[Date "????.??.??"]
[Round "1.18"]
[White "Casey, Eamonn"]
[Black "Saidi, Bhen"]
[Result "1-0"]
[WhiteElo "1642"]
[BlackElo "1465"]
[PlyCount "103"]

1. d4 g6 2. c4 Nf6 3. Nc3 Bg7 4. e4 d6 5. Be2 O-O 6. Be3 b6 7. Nf3 Bb7 8. d5 c6
9. O-O c5 10. Qd2 Nbd7 11. Bh6 Ne5 12. Nxe5 dxe5 13. Bxg7 Kxg7 14. Qg5 Qd6 15.
Rad1 a6 16. f4 h6 17. Qxe5 Qxe5 18. fxe5 Ne8 19. d6 exd6 20. exd6 Nf6 21. e5
Nd7 22. Nd5 Nxe5 23. Nxb6 Rad8 24. Na4 Nd7 25. Bf3 Bxf3 26. Rxf3 Ne5 27. Rc3
Nd7 28. Rd5 Rc8 29. Re3 Rfd8 30. Re7 h5 31. Rd3 Rc6 32. Nc3 Kf8 33. Ne4 Rxd6
34. Rxd6 Kxe7 35. Rxa6 f5 36. Ng5 Ne5 37. Re6+ Kf8 38. Rxe5 Rd1+ 39. Kf2 Rd2+
40. Re2 Rxe2+ 41. Kxe2 Ke7 42. a4 Kd7 43. Kd3 Kc6 44. Kc3 Kb6 45. Ne6 Kc6 46.
a5 h4 47. a6 Kb6 48. Nxc5 f4 49. b4 h3 50. gxh3 f3 51. Kd3 f2 52. Ke2 1-0

[Event "Tournoi Skype 010"]
[Site "Skype"]
[Date "????.??.??"]
[Round "1.19"]
[White "De, Deeptyajeet"]
[Black "Rajpurohit, Dinesh"]
[Result "1-0"]
[WhiteElo "1460"]
[BlackElo "1707"]
[PlyCount "51"]

1. d4 e5 2. dxe5 Qe7 3. Nf3 Nc6 4. Qd5 h6 5. Nc3 Qd8 6. Be3 Bb4 7. O-O-O Bxc3
8. bxc3 Nge7 9. Qb3 Na5 10. Qa4 Nec6 11. Bc5 b6 12. Ba3 a6 13. Qg4 Rg8 14. e4
d6 15. Qg3 Qe7 16. exd6 Qe6 17. dxc7 Qxa2 18. Rd8+ Nxd8 19. cxd8=Q+ Kxd8 20.
Qd6+ Bd7 21. Qxb6+ Ke8 22. Qxa5 Rd8 23. Bxa6 Qa1+ 24. Kd2 Qxh1 25. Qc5 Qxg2 26.
Qe7# 1-0

[Event "Tournoi Skype 010"]
[Site "Skype"]
[Date "????.??.??"]
[Round "1.20"]
[White "Le Brun, Yves"]
[Black "Mordaa, Ahmad"]
[Result "1-0"]
[WhiteElo "1638"]
[BlackElo "1457"]
[PlyCount "81"]

1. d4 Nf6 2. c4 g6 3. Nc3 Bg7 4. Bf4 d6 5. h3 Nbd7 6. Nf3 b6 7. e4 O-O 8. Bd3
e5 9. dxe5 dxe5 10. Bg5 h6 11. Be3 Bb7 12. Qd2 Kh7 13. Rd1 Qe7 14. Bc2 Rad8 15.
Qc1 Nc5 16. Nd2 Nd3+ 17. Bxd3 Rxd3 18. O-O c6 19. Rfe1 Rfd8 20. f3 Nh5 21. Nf1
Nf4 22. Qc2 Rxd1 23. Nxd1 Nd3 24. Re2 Nf4 25. a3 Nxe2+ 26. Qxe2 f5 27. g3 fxe4
28. fxe4 Qd7 29. Nf2 Bf8 30. Ng4 Qe6 31. Qf2 Bg7 32. c5 Rf8 33. Qd2 Qf7 34.
Nfh2 Bc8 35. Nxh6 Bxh6 36. Bxh6 Re8 37. g4 Qe7 38. cxb6 Qc5+ 39. Be3 Qc4 40.
bxa7 Bb7 41. Qd7+ 1-0

[Event "Tournoi Skype 010"]
[Site "Skype"]
[Date "????.??.??"]
[Round "1.21"]
[White "Belouin, Alexis"]
[Black "Bourdeau, Yvan"]
[Result "0-1"]
[WhiteElo "1422"]
[BlackElo "1612"]
[PlyCount "96"]

1. d4 Nf6 2. e3 e6 3. Nf3 c5 4. c3 Nc6 5. c4 d5 6. b3 Be7 7. Ba3 cxd4 8. exd4
Qa5+ 9. Qd2 Qxd2+ 10. Nfxd2 Nxd4 11. Bd3 Bd7 12. Bxe7 Kxe7 13. O-O Rac8 14. Nc3
b5 15. Rfe1 bxc4 16. bxc4 dxc4 17. Nxc4 Rxc4 18. Bxc4 Nc2 19. Rab1 Nxe1 20.
Rxe1 Rc8 21. Nd5+ Nxd5 22. Bxd5 Rc5 23. Bb3 Bc6 24. a4 Bd5 25. Bxd5 Rxd5 26. h3
Kd7 27. g4 f6 28. Rb1 Rc5 29. Rb7+ Rc7 30. Rb8 Kd6 31. Rh8 h6 32. Rxh6 gxh6 33.
h4 Rg7 34. f3 h5 35. Kh2 hxg4 36. fxg4 Rxg4 37. Kh3 Rg8 38. h5 f5 39. Kh4 f4
40. h6 f3 41. Kh5 f2 42. h7 Rh8 43. Kh6 f1=Q 44. Kg7 Rxh7+ 45. Kxh7 Ke7 46. Kg8
Qf7+ 47. Kh8 Kf8 48. a5 Qg7# 0-1

[Event "Tournoi Skype 010"]
[Site "Skype"]
[Date "????.??.??"]
[Round "1.22"]
[White "De Leener, Luc"]
[Black "Cossalter, Maurizio"]
[Result "1-0"]
[WhiteElo "1607"]
[BlackElo "1422"]
[PlyCount "33"]

1. e4 c5 2. d4 e6 3. d5 exd5 4. exd5 Nf6 5. Nc3 d6 6. Nf3 Be6 7. dxe6 fxe6 8.
Bb5+ Nbd7 9. O-O Be7 10. Re1 e5 11. Bg5 O-O 12. Bxd7 Qxd7 13. Bxf6 Bxf6 14.
Qd5+ Kh8 15. Ne4 Be7 16. Nxe5 Qc7 17. Nf7+ 1-0

[Event "Tournoi Skype 010"]
[Site "Skype"]
[Date "????.??.??"]
[Round "1.25"]
[White "Coruble, Didier"]
[Black "Mulrooney, Justin"]
[Result "0-1"]
[WhiteElo "1402"]
[BlackElo "1300"]
[PlyCount "42"]

1. Nf3 e6 2. d4 d5 3. Bf4 Nf6 4. h3 Be7 5. e3 O-O 6. Bd3 Nbd7 7. O-O c5 8. c3
c4 9. Bc2 Ne4 10. Nbd2 f5 11. Nxe4 fxe4 12. Nh2 Bg5 13. Bg3 Qe8 14. h4 Be7 15.
f4 Qg6 16. Qe1 Nf6 17. Bd1 Nh5 18. Bf2 e5 19. Kh1 exf4 20. g4 fxg3 21. Bxg3
Nxg3+ 0-1

[Event "Tournoi Skype 010"]
[Site "Skype"]
[Date "????.??.??"]
[Round "1.26"]
[White "Ryan, Lea"]
[Black "Alverson, Ginny"]
[Result "0-1"]
[WhiteElo "1300"]
[BlackElo "1399"]
[PlyCount "102"]

1. d4 Nf6 2. c3 d5 3. Bf4 e6 4. Nf3 Bd6 5. Bxd6 Qxd6 6. g3 O-O 7. Bg2 Nbd7 8.
O-O Ne4 9. Nbd2 Nxd2 10. Nxd2 Nf6 11. Qc2 Bd7 12. e4 dxe4 13. Nxe4 Nxe4 14.
Bxe4 f5 15. Bxb7 Rab8 16. Bg2 Qa6 17. a3 Bb5 18. Rfe1 Rbe8 19. Re3 Ba4 20. Qd2
Rf6 21. Rae1 Bc6 22. Bxc6 Qxc6 23. b4 Qd5 24. Qc2 f4 25. Re5 Qf3 26. Qd1 Qxc3
27. Qa4 c6 28. Qxa7 fxg3 29. hxg3 Qd2 30. R1e2 Qc1+ 31. Kg2 Qh6 32. Re1 Rg6 33.
Rh1 Qd2 34. Reh5 h6 35. Qc5 Rf6 36. Qxc6 Qxf2+ 37. Kh3 Ref8 38. Qg2 Qxd4 39. g4
Rf2 40. Qg1 Qe3+ 41. Kh4 g5+ 42. Rxg5+ hxg5+ 43. Kh5 Kg7 44. Qa1+ Kg8 45. Kg6
Qe4+ 46. Kxg5 R8f5+ 47. gxf5 Qxf5+ 48. Kh6 Qh7+ 49. Kg5 Rf5+ 50. Kg4 Qg6+ 51.
Kh3 Rh5# 0-1

[Event "Tournoi Skype 010"]
[Site "Skype"]
[Date "????.??.??"]
[Round "1.27"]
[White "Cagri Gokcek, Alican"]
[Black "Gabriele, Noel"]
[Result "0-1"]
[WhiteElo "1399"]
[BlackElo "1299"]
[PlyCount "114"]

1. e4 e5 2. Nf3 d6 3. Bc4 Nf6 4. Nc3 Bg4 5. h3 Bxf3 6. Qxf3 Be7 7. d3 O-O 8.
Be3 Qd7 9. O-O Nc6 10. Rad1 Nb4 11. d4 Nc6 12. Nd5 a6 13. Nxf6+ Bxf6 14. dxe5
Nxe5 15. Qe2 Rfe8 16. f4 Nxc4 17. Qxc4 b5 18. Qd3 Re6 19. e5 Be7 20. Qe4 Qc8
21. f5 Rxe5 22. Qd3 Qd7 23. Bd4 Rd5 24. Qe4 c6 25. Rd3 f6 26. Bc3 Rxd3 27. Qxd3
d5 28. b4 Re8 29. Kh1 Bd6 30. Re1 Rxe1+ 31. Bxe1 Qe7 32. Qd2 Qe5 33. Kg1 Qxf5
34. Qe3 Qxc2 35. Qe8+ Bf8 36. Bf2 Qc1+ 37. Kh2 g5 38. Bc5 Qf4+ 39. Kg1 Qc1+ 40.
Kf2 Qf4+ 41. Ke2 Qe5+ 42. Qxe5 fxe5 43. Kd3 Bg7 44. g4 e4+ 45. Ke3 Bb2 46. Bd4
Bc1+ 47. Ke2 h6 48. Be3 Ba3 49. Bc5 Kf7 50. Ke3 Ke6 51. Kd4 Bb2+ 52. Ke3 Ke5
53. Kd2 d4 54. Kc2 Bc3 55. Kd1 e3 56. Ke2 Ke4 57. Kd1 Kd3 0-1

[Event "Tournoi Skype 010"]
[Site "Skype"]
[Date "????.??.??"]
[Round "1.28"]
[White "Porcabeuf, Jean-Marc"]
[Black "Capdeville, Bastien"]
[Result "1-0"]
[WhiteElo "1291"]
[BlackElo "1399"]
[PlyCount "117"]

1. d4 d5 2. c4 c5 3. Nf3 dxc4 4. e4 cxd4 5. Nxd4 e5 6. Qa4+ Qd7 7. Qxc4 Qxd4 8.
Qb5+ Nd7 9. Be3 Qb4+ 10. Qxb4 Bxb4+ 11. Nd2 Ngf6 12. Bd3 a6 13. O-O O-O 14. Nf3
Bc5 15. Bxc5 Nxc5 16. Rad1 Nxd3 17. Rxd3 Nxe4 18. Re1 Bf5 19. Nxe5 f6 20. Nf3
Nxf2 21. Rd5 Be4 22. Rd2 Nd3 23. Rxe4 Rad8 24. Re7 Rf7 25. Re3 Rfd7 26. Rde2
Nf4 27. Re8+ Kf7 28. Rxd8 Rxd8 29. Rc2 b5 30. b4 Re8 31. a3 Re2 32. Rc7+ Re7
33. Rc6 Re6 34. Rc7+ Re7 35. Rc6 Ne2+ 36. Kf1 Nc3 37. Rxc3 g5 38. g4 h6 39. h4
gxh4 40. Nxh4 Re4 41. Nf5 Kg6 42. Rg3 Kg5 43. Ne3 Rf4+ 44. Kg2 h5 45. gxh5+
Kxh5 46. Rh3+ Rh4 47. Nf5 Kg5 48. Rxh4 Kxf5 49. Rd4 Ke5 50. Rd7 Ke6 51. Ra7 Kd6
52. Rxa6+ Ke5 53. Kf3 f5 54. Rb6 f4 55. Rxb5+ Kd4 56. a4 Kc3 57. a5 Kb3 58. a6
Ka4 59. Rb8 1-0

[Event "Tournoi Skype 010"]
[Site "Skype"]
[Date "????.??.??"]
[Round "1.29"]
[White "Gailans, Voldi"]
[Black "Martin, Jean-Claude"]
[Result "0-1"]
[WhiteElo "1399"]
[BlackElo "1290"]
[PlyCount "56"]

1. Nc3 e6 2. e4 d5 3. d4 Bb4 4. Bd3 Bxc3+ 5. bxc3 dxe4 6. Bxe4 Nf6 7. Bg5 O-O
8. Qf3 Nbd7 9. Ne2 h6 10. Bxf6 Nxf6 11. Bxb7 Bxb7 12. Qxb7 Qd5 13. Qxd5 exd5
14. O-O Rab8 15. Rab1 Ne4 16. Rfd1 Rb6 17. Rxb6 axb6 18. f3 Nf6 19. Rb1 Re8 20.
Kf2 g5 21. g4 Kg7 22. Ng3 Kf8 23. Nf5 h5 24. h3 h4 25. a4 Ra8 26. Rb4 Nd7 27.
Ke2 c5 28. Kf2 cxb4 0-1

[Event "Tournoi Skype 010"]
[Site "Skype"]
[Date "????.??.??"]
[Round "1.32"]
[White "Tamditi, Ibrahim"]
[Black "Hargez, Dany"]
[Result "0-1"]
[WhiteElo "1209"]
[BlackElo "1399"]
[PlyCount "42"]

1. e4 e5 2. Nf3 Nf6 3. Nc3 Bb4 4. Nd5 Nxe4 5. Nxb4 Qe7 6. Nd5 Qc5 7. c4 Nc6 8.
d4 Qa5+ 9. Bd2 Nxd2 10. Qxd2 O-O 11. Nxe5 Re8 12. Qxa5 Nxa5 13. Nxc7 Re7 14.
Nxa8 d6 15. b4 Nc6 16. Be2 Nxd4 17. Bg4 Rxe5+ 18. Kf1 Bxg4 19. Re1 Be2+ 20. Kg1
Rg5 21. Nc7 Nf3# 0-1